000 00283nam a2200133Ia 4500
100 _aGauryushin/A
942 _cBK
654 _aMachine Tools
245 _aMetal Cutting Machine Tools
260 _bMir Publishers
_c1973
082 _a621.9
300 _a608
546 _aENGLISH
999 _c21787
_d21787